| 000 | 00410nam a2200133Ia 4500 | ||
|---|---|---|---|
| 008 | 250112s9999 xx 000 0 und d | ||
| 020 | _a978-3-319-13126-9 | ||
| 100 | _aJoel Faintuch, Salomão Faintuch | ||
| 245 | 0 | _aObesity and Diabetes | |
| 250 | _a2015 | ||
| 260 |
_c2015 _bSpringer International Publishing |
||
| 856 | _uhttps://link.springer.com/openurl?genre=book&isbn=978-3-319-13126-9 | ||
| 942 | _cEB | ||
| 999 |
_c381970 _d381970 |
||